000 00807nam a2200181 i 4500
001 157160
003 ES-MaACL
005 20230906210613.0
008 021219s1874 fr a |||| | fre d
040 _aCCPB | B
_bspa
_cCCPB | B
100 1 _aLartet, Louis.
_970381
245 1 4 _aUne sépulture des anciens Troglodytes des Pyrénées superposée à un foyer contenant des débris humains associés à des dents sculptées de Lion et d'Ours /
_cpar Louis Lartet et Chaplain Duparc.
260 _aParis :
_bG. Masson,
_c1874 (
_eToulouse :
_fTypographie Bonnal et Gibrac)
300 _a67 p. :
_bil. ;
_c22 cm.
500 _aDescripción basada en la cub.
700 1 _aDuparc, Chaplain.
_9170330
852 _aES-MaACL
_jT-904-F-3
_z-- Enc. hol., conservando la enc. original
_z-- Enc. en un vol. facticio
999 _c157160
_d157160